| 000 | 00515nam a2200097Ia 4500 | ||
|---|---|---|---|
| 008 | 170517s9999 xx 000 0 und d | ||
| 245 | _aHow the Fake Newsman Won Over America | ||
| 300 | _aThis micro-documentary installment of the Bloomberg Game Changers series chronicles the early life and ongoing career growth of comedian and Daily Show host Jon Stewart and how he rose from being an alternative comic to one of the most... | ||
| 650 | _xMedia. | ||
| 856 | _uhttp://topdocumentaryfilms.com/fake-newsman-won-america/ | ||
| 999 |
_c333533 _d333533 |
||